[Event "Ciocaltea Memorial"]
[Site "Bucharest"]
[Date "1998.??.??"]
[Round "5"]
[White "Yegiazarian, Arsen"]
[Black "Vajda, Levente"]
[Result "1-0"]
[WhiteElo "2455"]
[BlackElo "2440"]
[Annotator "Avrukh,B"]
[PlyCount "65"]
[EventDate "1998.02.??"]
[EventType "tourn"]
[EventRounds "13"]
[EventCountry "ROU"]
[EventCategory "11"]
[SourceTitle "CBM 064"]
[Source "ChessBase"]
[SourceDate "1998.06.02"]
[SourceVersion "1"]
[SourceVersionDate "1998.06.02"]
[SourceQuality "1"]

1. d4 {Kostakiev,D Tyomkin,D} Nf6 2. Bg5 d5 3. Bxf6 (3. c3 {Kostakiev,D} Ne4 4.
Bh4 Qd6 $5 {0-1 Bogoljubow,E-Alekhine,A/Salzburg 1943 (18)}) (3. e3 {Kostakiev,
D} Bg4 {1-0 Alekhine,A-Englund,F/Scheveningen 1913 (20)} (3... e6 4. Bd3 c5 5.
c3 Nbd7 6. f4 Qb6 7. Qc2 c4 8. Be2 Ne4 9. Bh4 f5 10. Nf3 Qa5 11. Ne5 b5 12. Nd2
Nxd2 13. Bh5+ g6 14. Nxg6 Nb6 15. Ne5# {1-0 Janowski,D-Michel,W/Semmering 1926}
)) 3... exf6 (3... gxf6 {Kostakiev,D} 4. e3 e6 5. g3 c5 {1-0 Atanasov,
Radislav-Karapachanski,D/tt ch Bg Varna (5) 1995 (12)}) 4. e3 (4. g3 {
Kostakiev,D} Nd7 (4... c6 {K-v,D} 5. Bg2 Qb6 6. b3 Bd6 7. c3 Bf5 8. e3 Nd7 9.
Ne2 O-O 10. O-O Rfe8 11. c4 dxc4 12. bxc4 c5 13. Nbc3 Rad8 14. Nd5 Qa6 15. Qb3
cxd4 16. Nxd4 Nc5 {[#]} 17. Nxf5 Nxb3 18. axb3 Ba3 $11 19. Nd4 (19. Nc7 {K-v,D}
Qa5 20. Nxe8 Rxe8 21. Nd6 $14) 19... Rd7 $2 (19... Qd6 $11 {K-v,D}) 20. Nb5 $18
Bc5 21. Rxa6 bxa6 22. Nbc7 Red8 23. Nxa6 Bf8 24. b4 Bd6 25. c5 Be5 26. Rd1 f5
27. c6 $18 {1-0 $ Gocheva-Ilieva,H/TT-W-chBg 1996/[K-v,D]}) (4... Bd6 {K-v,D}
5. Bg2 O-O 6. e3 c6 7. Ne2 Bf5 8. Nd2 {1/2-1/2 Berntsen,Sheila Barth-Voiska,
Margarita/Erevan ol-W (01) 1996}) 5. Bg2 f5 {1/2-1/2 Gocheva-Georgieva/ 1995 
(10)}) 4... g6 (4... Be6 {Kostakiev,D} 5. Nd2 {1/2-1/2 Trompowsky,O-Alekhine,A/
Rio de Janeiro (consultaion) 1939 (17)} (5. Bd3 c5 6. dxc5 Bxc5 7. Nd2 Nc6 8.
Nb3 Bb6 9. Nf3 f5 10. Nbd4 Qf6 11. O-O O-O 12. c3 Rac8 13. b4 g6 14. a4 Ne5 15.
Nxe5 Qxe5 16. Qd2 a5 17. f4 Qc7 18. Rac1 Bd7 {0-1 Richter,K-Alekhine,A/Munich
1941}) (5. g3 {N} f5 6. Bd3 c6 7. Nd2 Nd7 8. Ne2 Bd6 9. O-O O-O 10. c3 Nf6 11.
Qc2 Ne4 12. Nf4 Bxf4 13. exf4 b6 14. Nf3 f6 15. Rfe1 Bf7 16. Nd2 Re8 {1/2-1/2
Adams,M-Tiviakov,S/New York (m/10) 1994})) (4... c6 {Kostakiev,D Abramovic,B}
5. c4 (5. Bd3 {k-v,D} f5 (5... Bd6 {k-v,D} 6. Ne2 (6. c3 Nd7 7. Nd2 Nf8 8. Qc2
Ne6 9. Ne2 g6 10. h4 {1/2-1/2 Sabol Marian-Jurasek Miroslav/Extra League 1995/
96, Czech Republic (5) 1995}) 6... Be6 (6... f5 7. O-O O-O 8. Nd2 Be6 9. c4
dxc4 10. Nxc4 Bc7 {1-0 Gurieli,N-Peptan,C/Moscow olw (07) GEO-ROM ;EXP 45 1994}
) 7. Nd2 Nd7 8. O-O f5 9. c4 Nf6 10. a3 Ne4 {1-0 Tondivar,Babak-Borek,Jutta/
Leeuwarden open (08) 1995}) (5... Qb6 {k-v,D} 6. Qc1 Bd6 7. Nd2 Be6 8. Ne2 Qc7
9. c4 dxc4 10. Bxc4 {1/2-1/2 Crouch,Colin-Shakhtakhtinsky,A/Ano Liosia open 
(06) 1996}) 6. Qf3 g6 7. Ne2 Nd7 8. h4 Nf6 9. Nf4 h5 10. Nd2 Ne4 11. Qe2 Bd6
12. O-O-O Qa5 13. Bxe4 fxe4 14. Kb1 Qc7 15. f3 Bf5 16. Rdf1 exf3 17. Qxf3 $2 (
17. gxf3 $142 $14 {k-v,D}) 17... O-O-O 18. Rf2 Bg4 19. Qg3 f6 20. c4 (20. Nf3 {
k-v,D} Rhe8 $17) 20... Qg7 21. cxd5 (21. c5 {k-v,D} Bc7 $19) 21... g5 22. dxc6
gxf4 23. cxb7+ Kb8 {0-1 Atanasov,R-Babev,A/tt ch Bg 1996/[k-v,D]}) 5... dxc4 6.
Bxc4 Nd7 (6... Bd6 {- 14/108}) 7. Nc3 Bd6 8. Nf3 O-O 9. Qc2 Nb6 10. Bd3 (10.
Bb3 Be6) 10... g6 (10... h6) 11. h4 Nd5 $1 12. Nxd5 (12. a3 Qa5 13. Ke2 Nxc3+
14. bxc3 Bg4) 12... cxd5 13. h5 Qc7 {0-1 Miladinovic,I-Abramovic,B/Jugoslavija
(ch) 1994/Inf 60/[Abramovic,B]} (13... Qc7 {k-v,D} 14. hxg6 fxg6 15. Qb3 Be6
16. Ke2 {0-1 Miladinovic,I-Abramovic,B/Jugoslavija (ch) 60/346 1994} (16. e4
Rfe8))) (4... Bd6 {Kostakiev,D} 5. g3 {=/+ Hodgson,J-Leko,P/Moscow (ol) 1994/
Inf 62 (18)} (5. Nd2 {k-v,D} O-O 6. Qf3 c6 7. Bd3 Na6 8. c3 Nc7 9. Ne2 Ne6 10.
h4 Re8 {1-0 Delchev,A-Spasov,v/-Sofia 1995} (10... Re8 11. O-O-O a5 12. g4 Nf8
{1-0 delchev-spasov,v/cmp-sofia 1995})) (5. c4 {K-v,D} dxc4 6. Bxc4 O-O 7. Nc3
Nd7 {0-1 Loebler,H-Schumi,M/AUT-chT 9495 (01+02) 1994 ;EXP 45 1995})) (4... Be7
{Kostakiev,D 1-0 Adams,M-Thipsay,P/London 55/367 [Adams 1992 (9)}) 5. c4 (5.
Bd3 {Kostakiev,D 1-0 Lotti-Serrano/cr 1984 (21)}) 5... dxc4 (5... c6 {
Kostakiev,D} 6. Nc3 {1-0 Kebbekus,T-Keiner,M/Dortmund op 1987 (18)}) 6. Bxc4
Bg7 (6... Nd7 {Kostakiev,D 0-1 Kovacevic,V-Campora,D/Luzern olm 1982 (14)}) 7.
Nc3 O-O 8. Nge2 f5 (8... c5 9. O-O cxd4 10. Nxd4 Nc6 11. Nxc6 bxc6 12. Rc1 Rb8
13. Na4 f5 14. b3 $16 {[%csl Gc4,Rc6,Rc8] Miladinovic,I-Bacetic,N/JUG-chT 
(Cetinje) 1993/1-0(24)}) (8... c5 {Kostakiev,D 1-0 Miladinovic,I-Bacetic,N/
JUG-chT (Cetinje) 1993/TD 93\08 (17)}) 9. O-O Nd7 10. b4 {[#]} Nf6 $2 $146 (
10... c6 $1 {preparing 11...a512.b5 c5 which is main idea for black in this
structure.} 11. a4 $6 (11. Bb3 $142 a5 12. a3 Nb6 {[%cal Gc8e6]} 13. Nf4 $14)
11... a5 $1 12. b5 c5 $1 13. Rc1 cxd4 14. exd4 Nb6 15. Bb3 Qd6 $15 {Beshukov
Sergei-Lagunov Alexander/It (open) "Berlin Summer", Berlin (Germ 1995/0-1 (52)}
) (10... c6 {Kostakiev,D 0-1 Beshukov,S-Lagunov,A/Berliner Sommer 1995/EXP 47 
(16)}) (10... Nb6 $5 {Kostakiev,D} 11. Bd3 (11. Bb3 Qd6 12. a3 Be6) 11... Be6)
11. Rc1 Nh5 $6 (11... c6 12. b5) (11... Qd6 {Kostakiev,D}) 12. Bd5 $5 $16 (12.
g3 $16) 12... f4 (12... Qh4 {Kostakiev,D} 13. Bf3 Nf6 14. Qc2 Be6 15. a4 $14)
13. exf4 Bg4 14. g3 $6 (14. f3 $16) (14. f3 $5 {Kostakiev,D} Bc8 15. Be4 c6 16.
g4 $14) 14... Bxe2 15. Qxe2 c6 16. Bf3 Qxd4 $2 (16... Re8 $142 17. Qd1 Qxd4 18.
Bxh5 (18. Qxd4 {Kostakiev,D} Bxd4 19. b5 Bxc3 $11) 18... gxh5 19. Qxd4 (19.
Qxh5 Qxb4 $17) 19... Bxd4 20. Rfd1 Rad8 21. h4 $14) 17. Bxh5 gxh5 (17... Qxb4 {
Kostakiev,D} 18. Bf3 Bxc3 19. Rb1 $14 Qc5 20. Rxb7 Bd4 $11) 18. a3 $1 $16 h4
19. Rfd1 Qf6 $6 (19... Qb6 20. Ne4 hxg3 21. hxg3 Rfe8 22. f5 $16) 20. Ne4 (20.
Rd7 {Kostakiev,D} Rfe8 21. Qc4 b5 22. Qd3 $11) 20... Qe7 21. Re1 hxg3 22. hxg3
(22. fxg3 {Kostakiev,D} Rad8 $11) 22... Qe6 $6 (22... Rfe8 23. f5 $1 $16 {
[%cal Ge2g4]} (23. Qh5 {Kostakiev,D} Qe6 $11)) 23. Qf3 {[%csl Rg7][%cal Gf4f5]
[#]} (23. Nc5 $142 {Kostakiev,D} Qxe2 24. Rxe2 Rfb8 25. Re7 a5 (25... Bb2 26.
Rb1 Bxa3 27. Re3 Bxb4 28. Rxb4 $16) 26. Rxb7 Rxb7 27. Nxb7 axb4 28. axb4 Rb8
29. Nd6 Rxb4 30. Rxc6 $14) 23... Qh3 (23... Rfe8 $142 {Kostakiev,D} 24. f5 Qh6
$11) 24. f5 Rfd8 (24... Rad8 {Kostakiev,D} 25. f6 $16) 25. f6 (25. Nc5 {
Kostakiev,D}) 25... Bf8 26. Ng5 Qh6 27. Rc4 $1 $18 {[%csl Rg8]} (27. Re4 {
Kostakiev,D} Rd6 (27... Bg7 28. fxg7 Qxg5 29. Rce1 $14) 28. Rh4 Qxf6 29. Qxf6
Rxf6 30. Rxh7 (30. Nxh7 Rh6 31. Nxf8 Rxh4 32. gxh4 Kxf8 $11) 30... Rg6 (30...
Bh6 $17 31. Kg2 Bxg5 32. Rch1 Rf8 (32... Rg6 $2 33. Rh8+ Kg7 34. Rxa8 $18) 33.
f4 Bxf4 34. gxf4 $11) 31. Rh5 a5 $1 $15) 27... Qg6 {[#]} (27... Re8 {Kostakiev,
D} 28. Rce4 Rxe4 29. Rxe4 Bg7 30. Nxh7 Qc1+ 31. Kg2 $18) 28. Nh3 $1 (28. Rg4 $2
h5 $1) (28. Ne6 $5 {Kostakiev,D} Rd3 29. Qe2 Rxg3+ 30. fxg3 Qxg3+ 31. Qg2 Qxg2+
32. Kxg2 fxe6 33. Rxe6 $16) 28... h5 (28... Rd3 {Kostakiev,D} 29. Qe2 Qf5 30.
Rf4 Rxg3+ 31. fxg3 Qxh3 32. Qf3 $16) 29. Re5 {[%cal Ge5g5]} Rd5 (29... Rd3 30.
Qxh5 Qxf6 31. Rg4+ Bg7 32. Reg5 $18) 30. Rxd5 cxd5 31. Qxd5 Re8 $2 (31... Qxf6
32. Rc7 $1 $18 {[%csl Rb7,Rf7,Rh5]} (32. Qxb7 {Kostakiev,D} Rd8 33. Kg2 a5 34.
bxa5 Qe6 35. Rh4 $18)) 32. Nf4 Qg4 (32... Qxf6 33. Nxh5 Re1+ 34. Kg2 Qe7 35.
Rg4+ Kh8 36. Qd4+ Qe5 37. Nf6 $18) 33. Rc7 {[%csl Rf7]} 1-0

[Event "Lost Boys 5th"]
[Site "Antwerp"]
[Date "1997.??.??"]
[Round "6"]
[White "Ye, Rongguang"]
[Black "Novikov, Igor A"]
[Result "1/2-1/2"]
[WhiteElo "2500"]
[BlackElo "2590"]
[Annotator "Avrukh,B"]
[PlyCount "51"]
[EventDate "1997.08.01"]
[EventType "tourn"]
[EventRounds "7"]
[EventCountry "BEL"]
[EventCategory "15"]
[SourceTitle "CBM 061"]
[Source "ChessBase"]
[SourceDate "1997.11.23"]
[SourceVersion "1"]
[SourceVersionDate "1997.11.23"]
[SourceQuality "1"]

1. d4 d5 2. Bg5 Nf6 3. Nd2 c5 4. dxc5 Qa5 (4... Na6 5. Bxf6 gxf6 6. g3 Nxc5 7.
Bg2 f5 8. c4 $2 (8. Nh3 $142) 8... dxc4 9. Nxc4 Be6 10. Qxd8+ Rxd8 11. Ne5 Bg7
12. f4 O-O 13. Nh3 Bd5 14. Bxd5 Rxd5 15. Nc4 Ne4 $17 {Mellado Juan-Rodriguez
Amador/It (open), Terrasa (Spain) 1995/0-1 (65)}) (4... e6 $142 5. b4 (5. Nb3
Nbd7 6. e3 Nxc5 7. Nxc5 Bxc5 8. Bd3 Qb6 (8... O-O 9. Nf3 h6 10. Bh4 Be7 11. O-O
b6 $11) 9. Bxf6 gxf6 10. Rb1 Bd7 (10... d4 $1) 11. Ne2 Bb5 12. O-O Rc8 13. Nf4
Bxd3 14. cxd3 Ke7 15. Qf3 $36 {1-0 Arkhipov,S-Siklosi,Z/Kecskemet 1991 (35)})
5... b6 6. c4 bxc5 7. cxd5 exd5 8. bxc5 Bxc5 9. Rc1 Bb6 10. e3 O-O 11. Ngf3 h6
12. Bxf6 (12. Bh4 $142) 12... Qxf6 13. Be2 Nc6 14. O-O Rd8 15. Bb5 Bb7 16. Qa4
Rac8 $11 {0-1 Chepukaitis,G-Atalik,S/St.Petersburg op 1994 (47)}) 5. Bxf6 (5.
Ngf3 Nc6 6. c3 Qxc5 7. g3 $2 (7. e3) 7... Ng4 8. Nd4 e5 9. N2b3 Qb6 10. h3 Nxf2
11. Kxf2 exd4 12. cxd4 h6 13. Bd2 Nxd4 $19 {0-1 Shabtai,R-Arbakov,V/Berliner
Sommer 1996/EXP 54}) 5... gxf6 6. Ngf3 (6. g3 $5 e6 7. c3 Qxc5 8. Bg2 Nc6 9.
Nh3 Bd7 (9... Bh6 10. O-O O-O 11. e4 dxe4 12. Nxe4 Qe7 13. Qh5 Bg7 14. Rad1 $16
{[%cal Ge4d6]}) 10. O-O f5 11. Nf4 h5 12. Rc1 {[%cal Gc3c4]} b5 13. b3 h4 14.
c4 $16 {1-0 Ermenkov,E-Schmidt,W/Prague zt 1985/MCD-r8 (27)}) 6... e6 $2 (6...
Qxc5 $142 7. c3 (7. Nb3 Qd6) 7... Bh6 8. e4 dxe4 9. Nxe4 Qb6 $132) 7. c3 Qxc5
8. e4 Qd6 9. Qb3 (9. exd5 Qxd5 (9... exd5 10. Be2 Rg8 11. O-O (11. g3) 11...
Bh3 12. Nh4 $16) 10. Qa4+ Bd7 (10... Nc6 $143 11. Rd1 $1 (11. Ne4 Be7 12. Rd1
Qa5 13. Qxa5 Nxa5 14. Bb5+ Nc6)) 11. Qh4 Bg7 12. Bc4 Qf5 13. Ne4 O-O {and
black is O.K.}) 9... Nc6 10. Rd1 (10. exd5 $1 Qxd5 (10... exd5 11. O-O-O Bh6
12. Bd3 $16 Ne5 $140 13. Bb5+ Bd7 14. Bxd7+ Qxd7 15. Rhe1 $18) 11. Qxd5 exd5
12. Nb3 {[%csl Gd4,Rd5,Gf5,Rf6,Rf7] with very unpleasant ending for black.} (
12. Bb5 $5) (12. Bd3 Ne5)) 10... dxe4 11. Nxe4 Qf4 12. Qa4 (12. Bd3 $5) 12...
Be7 13. Bb5 Qc7 14. O-O (14. Qd4 e5 15. Nd6+ Bxd6 (15... Kf8 $2 16. Qh4 Be6 17.
Qh6+ Kg8 18. Ne4 $16) 16. Qxd6 Qxd6 17. Rxd6 Ke7 $11) 14... Bd7 15. Nd4 (15.
Rd2 f5 (15... O-O-O 16. Rfd1 Rhg8 $5 {[%cal Ga7a6]} (16... f5 {see 15...f5}))
16. Rfd1 O-O-O 17. Nd6+ Bxd6 18. Rxd6 Rhg8 $5 (18... a6 19. Bxa6 bxa6 20. Qxa6+
Kb8 21. R1d4 (21. Ne5 Be8) 21... Na7 22. Qd3 Kc8 23. Ne5 Bb5 $1)) 15... O-O-O (
15... O-O $2 16. Nxc6 Bxc6 (16... bxc6 $2 17. Rxd7 $1 Qxd7 18. Bxc6 $18) 17.
Bxc6 bxc6 18. Qd4 $36) 16. Bxc6 Bxc6 17. Nxc6 Qxc6 18. Qxc6+ bxc6 $11 19. Rfe1
Kc7 (19... Rd5 $5) 20. Kf1 (20. Nd2 Rd5 21. Nc4 Rhd8 22. Ne3 Rd2 23. Rxd2 Rxd2
24. Nc4 Rc2 25. Kf1 Bc5 26. Re2 Rc1+ 27. Re1 Rc2 $11) 20... Rd5 $1 {[%cal
Gh8d8,Gf6f5]} 21. Nd2 (21. c4 $6 {[%csl Gd4]} Rxd1 22. Rxd1 f5 $15 {[%cal
Ge7f6]}) 21... Rhd8 22. Ke2 Re5+ 23. Kf1 Red5 24. Ke2 Re5+ 25. Kf1 Red5 26. Ke2
1/2-1/2

[Event "Yopal"]
[Site "Yopal"]
[Date "1997.06.24"]
[Round "5"]
[White "Arencibia Rodriguez, Walter"]
[Black "Conquest, Stuart"]
[Result "1/2-1/2"]
[WhiteElo "2560"]
[BlackElo "2540"]
[Annotator "Avrukh,B"]
[PlyCount "51"]
[EventDate "1997.06.20"]
[EventType "tourn"]
[EventRounds "9"]
[EventCountry "COL"]
[EventCategory "12"]
[SourceTitle "CBM 060"]
[Source "ChessBase"]
[SourceDate "1997.09.29"]
[SourceVersion "1"]
[SourceVersionDate "1997.09.29"]
[SourceQuality "1"]

1. d4 Nf6 2. Nf3 g6 3. Nc3 d5 4. Bf4 Bg7 5. Nb5 {A continuation, which is
seldom seen.} ({A normal continuation -} 5. e3) 5... Na6 6. h3 $6 $146 (6. e3
$142 Bf5 (6... c6 7. Na3 Nh5 8. Bg5 h6 9. Bh4 g5 10. Nd2 Qb6 11. Bxa6 bxa6 12.
Nb3 Nf6 13. Bg3 Ne4 14. O-O a5 15. Rb1 a4 16. Nc1 c5 17. Be5 O-O 18. f3 Nd6 19.
dxc5 Qxc5 20. Qd4 $14 {Ochkoos Jura-Southam Todd/Ch Toronto, Toronto (Canada)
1995/1/2-1/2 (75)}) 7. Be2 c6 8. Nc3 Qb6 9. Qd2 O-O 10. O-O Ne4 11. Nxe4 Bxe4
12. c3 Nc7 13. Ne5 Rad8 14. Bg3 f6 15. Nd3 {1/2-1/2 Keitlinghaus Ludger-Watson
William N/Bundesliga 1995}) (6. c3 O-O 7. e3 c6 8. Na3 Qb6 9. Qb3 Bf5 10. h3
Nd7 11. Be2 Rfe8 12. Nh4 Be6 13. O-O f6 14. Bh2 Bf7 15. Qc2 e5 16. f4 $13 {
Palos,O-Seibt,F/Porz op26 1991/1-0 (60)}) 6... c5 7. e3 c4 (7... O-O 8. Be2 (8.
dxc5 Ne4 (8... Bd7 {is also possible.}) 9. c3 Re8 {[%cal Ge7e5] with good play.
}) 8... Qa5+ (8... Ne4 $5) 9. c3 (9. Qd2 Qxd2+ 10. Nxd2 Nb4 11. O-O Bf5 $15 (
11... a6 $2 12. Nc7 Ra7 13. c3 Nc6 14. dxc5 e5 15. Bg5 $16)) 9... Bd7 10. a4 (
10. Na3 Ne4) 10... c4 {and white has real problems with the knight on b5.}) 8.
c3 (8. Be2 $2 Qa5+ 9. Nc3 Ne4 10. O-O Nxc3 11. bxc3 Qxc3 $17) 8... Bd7 (8...
Qb6 $2 9. a4 Bd7 10. b3 $1 cxb3 (10... Bxb5 11. axb5 Qxb5 12. bxc4 dxc4 13. Rb1
Qa5 14. Bxc4 Qxc3+ 15. Nd2 $36) 11. a5 Qd8 12. Qxb3 $16) 9. a4 (9. Na3 Qb6 (
9... O-O 10. Be2 b5 11. Nc2 {with a complicated position.}) 10. b3 Ne4 11. Nb1
Rc8 $1 12. bxc4 $140 Qb2 13. Nbd2 Nxc3 14. Qc1 Qxc1+ 15. Rxc1 Nxa2 $17) 9...
Ne4 (9... Qb6 $143 10. b3 $1 {leads to 8...Qb6.}) 10. b3 (10. Ne5 O-O (10...
Bxb5 11. axb5 Nc7 12. b6 $1 axb6 13. Rxa8 Qxa8 14. Nxc4 $1 $16 {[%csl Gc7]})
11. f3 Nd6 12. Nxd6 exd6 13. Nxd7 Qxd7 14. Be2 Qe7 {[%csl Ge3][%cal Gg6g5]} 15.
Qd2 Rae8 $15) 10... Qa5 (10... Bxb5 $2 11. axb5 Nxc3 12. Qc2 Nxb5 13. bxc4 Nbc7
14. Rb1 $1 $16) 11. Rc1 (11. b4 {[%csl Gc3]} Qb6 (11... Nxb4 $2 12. cxb4 Qxb4+
13. Nd2 $16) 12. Nd2 Nxd2 13. Qxd2 Bxb5 (13... O-O $11) 14. axb5 Qxb5 15. Ra5
Qd7 (15... Qc6 16. Qa2) 16. e4 e6 17. exd5 exd5 18. Be2 $44) 11... Bxb5 12.
axb5 Qxb5 13. bxc4 dxc4 14. Qc2 Qc6 15. Ne5 $2 (15. Bxc4 $2 Qxc4 16. Qxe4 Nc5
$1 {and black wins.}) (15. Bh6 $1 Bf6 (15... Bxh6 $6 16. Ne5 Qc7 (16... Qd6 17.
Qxe4 Qa3 18. Qb1 $1 {and white is better.}) 17. Qxe4 O-O 18. Bxc4 Bg7 19. Bxa6
bxa6 20. Nd3 $16 (20. Nc6 e6 {[%cal Gf8c8]})) 16. Be2 $44 {[%csl Ge8]}) 15...
Bxe5 16. Bxe5 f6 (16... O-O 17. Be2 {[%cal Ge2f3]} Nb8 {[%cal Gb8d7]} 18. Bxb8
$1 (18. Bf3 f5 19. g4 e6 $17) 18... Rfxb8 19. Bxc4 Qxc4 20. Qxe4 e6 21. h4 $1
$132) 17. Bh2 Nd6 {[%csl Gg2]} (17... O-O 18. Be2 (18. f3 Nd6 19. e4 f5 $1 $17)
18... f5 19. O-O Nc7 20. Bxc7 Qxc7 21. Ra1 $44) 18. Rg1 O-O 19. g4 Rac8 20. Bg2
Qd7 21. Rb1 b5 22. Ra1 Nb8 23. h4 Nc6 {[%cal Gb5b4]} 24. Ra6 Nb8 $2 (24... b4
$2 25. Qa4 Nb8 26. Qxd7 Nxd7 27. Rxa7 $18) (24... e5 $1 25. g5 (25. h5 g5 26.
Qa2 (26. Bd5+ Kh8) 26... exd4 27. Bxc6 (27. exd4 Rce8+ 28. Kf1 Ne4 $17) 27...
Rxc6 28. Rxa7 Qe6 (28... Rc7 29. Ra6) 29. cxd4 Rf7 $1 $17 {[%csl Re1]} (29...
b4 $2 30. Qb1)) 25... exd4 26. exd4 Rfe8+ 27. Kf1 f5 {[%cal Gd6e4]} 28. h5 Ne4
29. hxg6 hxg6 $17) 25. Ra1 Nc6 26. Ra6 1/2-1/2

[Event "FRA-ch"]
[Site "Narbonne"]
[Date "1997.08.21"]
[Round "6"]
[White "Degraeve, Jean Marc"]
[Black "Neiman, Emmanuel"]
[Result "1-0"]
[WhiteElo "2540"]
[BlackElo "2315"]
[Annotator "Avrukh,B"]
[PlyCount "93"]
[EventDate "1997.08.15"]
[EventType "tourn"]
[EventRounds "15"]
[EventCountry "FRA"]
[EventCategory "9"]
[SourceTitle "CBM 061"]
[Source "ChessBase"]
[SourceDate "1997.11.23"]
[SourceVersion "1"]
[SourceVersionDate "1997.11.23"]
[SourceQuality "1"]

1. d4 d5 2. Bg5 c6 3. e3 Qb6 4. b3 Bf5 5. Nf3 e6 6. Bd3 Bxd3 7. Qxd3 Qa6 (7...
Nd7 8. O-O (8. Nbd2 h6 9. Bf4 Ngf6 10. h3 Be7 11. c4 c5 $1 (11... O-O 12. c5
$14) 12. O-O O-O 13. Rad1 Rfd8 14. dxc5 Nxc5 15. Qb1 Nfe4 $11 {Hodgson,
J-Beliavsky,A/Sochi 1986/1/2-1/2 (42)}) 8... Be7 9. Bxe7 (9. c4 Bxg5 10. Nxg5
h6 (10... Ngf6) 11. Nf3 Ngf6 12. Nc3 O-O 13. Rfe1 Rfd8 $6 (13... Rad8 $142 14.
Rad1 Rfe8) 14. Rad1 Rab8 15. h3 Qa6 16. Re2 Nb6 17. Ne5 Nfd7 18. c5 Qxd3 19.
Nxd3 Nc8 20. b4 $16 {Schoof,M-Gazic,J/Hamburg op 1992/1-0 (65)}) 9... Nxe7 10.
c4 O-O 11. Nc3 a5 12. Na4 Qa6 13. Rac1 Rfc8 14. Ng5 g6 (14... Ng6 15. f4 $40)
15. e4 h6 16. Nf3 b5 17. cxb5 cxb5 18. Nc5 Nxc5 19. dxc5 Rc7 $14 {1-0 Hodgson,
J-Lesiege,A/Mermaid Beach Club 1997/CBM 58 (33)}) (7... c5 8. O-O Nc6 9. c4
cxd4 10. exd4 Be7 11. Nc3 $5 (11. cxd5 Nb4) 11... dxc4 12. bxc4 Bxg5 13. Nxg5
Qxd4 14. Qg3 Qe5 15. f4 $36 {1-0 Hodgson,J-Brunner,L/Horgen SKA 1994 (37)}) 8.
c4 Bb4+ $6 $146 (8... f5 9. O-O Nd7 10. Nbd2 Ngf6 11. Bxf6 gxf6 (11... Nxf6 12.
Ng5 $1 $32) 12. a3 Be7 13. b4 Qa4 14. Rfc1 Kf7 15. Nb3 $14 {1-0 Meduna,
E-Krivoshey,S/Decin op 1995/EXT 95op (33)}) (8... Nd7 $142 9. O-O Ngf6 10. Nc3
Bb4) 9. Nbd2 Nd7 10. O-O f5 $2 (10... Ngf6 11. e4 Bxd2 12. Nxd2 dxe4 13. Nxe4
Nxe4 14. Qxe4 h6 15. Bh4 O-O $14 {[%cal Gb7b5]}) 11. a3 Bd6 (11... Bxd2 12.
Nxd2 Ngf6 13. f3 O-O 14. e4 $16) 12. Bf4 $1 {[%cal Gf3g5]} Be7 (12... Bxf4 13.
exf4 Ngf6 14. Ng5 $1 c5 15. Qe3 (15. Rfe1 Ne4) 15... Ne4 16. cxd5 (16. Ngxe4
fxe4 17. dxc5 $16) 16... exd5 17. dxc5 O-O 18. Ndxe4 fxe4 (18... dxe4 19. Rad1
$18) 19. Nxh7 $1 $18) 13. b4 Nb6 (13... Ngf6 14. Ng5 $1 (14. b5 cxb5 15. cxb5
Qa4 16. Rfc1 O-O (16... Ne4 17. Rc7 $16) 17. Ng5 Rfc8 $1 $14) 14... Nf8 15. b5
cxb5 16. cxb5 Qa4 17. Rfc1 h6 18. Ngf3 $16) 14. b5 $32 cxb5 (14... Qa4 15. bxc6
bxc6 (15... dxc4 16. Nxc4 $1) (15... Qxc6 16. Ne5 $18) 16. c5 Nd7 17. Rab1 Ngf6
18. Bc7 $1 {[%csl Ga4][%cal Gb1b4]} (18. Ng5 Nf8) 18... a5 19. Ng5 $18 {
[%csl Ra4,Re8]}) 15. cxb5 Qa4 16. Rfc1 Rc8 (16... Nf6 17. Rc7 $18) (16... Bd8
17. Be5 (17. Bc7 $5) 17... Nf6 18. Ng5 Ke7 19. Nb3 Nfd7 20. Nc5 Nxc5 21. dxc5
Nc4 22. Qd4 $18) 17. Rxc8+ Nxc8 18. Qc3 Nb6 19. Qc7 Qxb5 $8 20. Qb8+ Bd8 21.
Bc7 Qd7 22. Rc1 {[%cal Gf3e5]} (22. Bxd8 $144 Qxd8 23. Qxb7 Ne7 24. Qxa7 O-O
25. Ne5 $18) 22... Qc8 23. Qxc8 Nxc8 24. Bxd8 Kxd8 25. Ng5 $1 Nd6 26. Nxe6+ Kd7
27. Nxg7 Nf6 $2 (27... Ne7 $142 28. Nh5 (28. Nf3 Nc4) 28... Rc8 29. Rxc8 Kxc8 {
and white has some difficulties with realization.}) 28. Nf3 Rb8 (28... Rg8 29.
Ne5+ Kd8 30. Ne6+ Ke7 31. Nf4 Rc8 32. Rxc8 Nxc8 33. Kf1 $18) 29. h3 a5 (29...
Nfe4 30. Ne5+ Kd8 31. f3 Nf6 32. Kf2 $18) 30. Ne5+ Kd8 31. Rc5 Nde4 32. Rxa5
$18 Rc8 33. f3 Ng3 34. Kf2 Nh1+ 35. Ke1 Ng3 36. Rc5 Ra8 37. Rc3 Ra6 38. Rb3 b5
39. Nd3 Ke7 40. Nc5 Ra8 41. Nge6 b4 42. a4 Rb8 43. Nf4 Kd6 44. Nfd3 Re8 45.
Rxb4 Rxe3+ 46. Kf2 f4 47. Nxf4 1-0